Princípy trhovej ekonomiky /

Na minha lista:
Detalhes bibliográficos
Main Authors: Isachsen, A.J (Author), Hamilton, C.B (Author), Gylfason, T (Author)
Outros Autores: Sageová le, Helena (Translator)
Formato: Livro
Idioma:eslovaco
Publicado em: Bratislava : OPEN WINDOWS, 1994
Assuntos:
Acesso em linha:OBSAH
Tags: Adicionar Tag
Sem tags, seja o primeiro a adicionar uma tag!

MARC

LEADER 00000nam a22000003a 4500
001 stu42539
005 20150617225720.4
008 940505s1994----cs------------------slo-d
020 |a 80-85741-04-0 
040 |a STU  |b slo 
041 0 |a slo 
044 |a cs 
080 |a 339.13 
100 1 |a Isachsen, A.J  |4 aut 
245 1 |a Princípy trhovej ekonomiky /  |c [aut.]A.J. Isachsen, C.B. Hamilton, T. Gylfason; Z angl. Helena Sageová le 
260 |a Bratislava :  |b OPEN WINDOWS,  |c 1994 
300 |a 224 s 
650 7 |a Ekonomika trhová  |2 stusub 
700 1 |a Hamilton, C.B  |4 aut 
700 1 |a Gylfason, T  |4 aut 
700 1 |a Sageová le, Helena  |4 trl 
856 4 |a https://sweb.mtf.stuba.sk/obsahy/principy_trhovej_ekonomiky_94  |u https://sweb.mtf.stuba.sk/obsahy/principy_trhovej_ekonomiky_94  |3 OBSAH 
996 |b 284M030921  |c M*8660-6  |l MMKN  |s A  |a 24  |w stu42539_0001 
996 |b 284M034129  |c M*8660-1  |l MMKN  |s A  |a 24  |w stu42539_0002 
996 |b 284M030920  |c M*8660-2  |l MMKN  |s A  |a 24  |w stu42539_0003 
996 |b 284M030922  |c M*8660-3  |l MMKN  |s A  |a 24  |w stu42539_0004